=LDR 00000nam 2200000 4500 =001 INLIS000000000059951 =005 20211222082248 =035 ##$$a 0010-1221000178 =007 ta =008 211222###########################0#ind## =020 ##$$a tidak Teridentifikasi =082 ##$$a R.371.102 6 =084 ##$$a R.371.102 6 Ind u =245 ##$$a Unadng - Undang RI No. 14 th 2005 Ttg Guru dan Dosen /$c Indonesia =300 ##$$a 111 halaman ; $c 20 cm =650 #4$$a Guru - Undang2 dan Peraturan =264 ##$$a Jakarta :$b Sinar Grafika,$c 2006 =336 ##$$a teks$2 rdacontent =337 ##$$a lain-lain$2 rdamedia =338 ##$$a lain-lain$2 rdacarrier =990 ##$$a 36553655